000
00298nam a22001337a 4500
008
210309b ||||| |||| 00| 0 eng d
020
_a
9780136065661
041
_a
eng
080
_2
336
_a
336
100
_a
57
101
_a
FIN
245
_a
Slater college Accounting
_c
Pearson
942
_2
udc
_c
BK
999
_c
56048
_d
56048